City Lights (Record n. 103247)
[ formato base ]
| 000 -LEADER | |
|---|---|
| fixed length control field | 01274njm a2200301Ia 4500 |
| 001 - CONTROL NUMBER | |
| control field | B8892 |
| 003 - CONTROL NUMBER IDENTIFIER | |
| control field | IT-RoPAU |
| 005 - DATE AND TIME OF LATEST TRANSACTION | |
| control field | 20220918181204.0 |
| 008 - FIXED-LENGTH DATA ELEMENTS--GENERAL INFORMATION | |
| fixed length control field | 131025s9999 xx 000 0 und d |
| 040 ## - CATALOGING SOURCE | |
| Original cataloging agency | IT-RoPAU |
| 040 ## - CATALOGING SOURCE | |
| Transcribing agency | IT-RoPAU |
| 999 ## - SYSTEM CONTROL NUMBERS (KOHA) | |
| Koha Dewey Subclass [OBSOLETE] | n.d. |
| 100 ## - MAIN ENTRY--PERSONAL NAME | |
| Personal name | Chaplin Charlie (Charlot) |
| 9 (RLIN) | 29393 |
| 100 ## - MAIN ENTRY--PERSONAL NAME | |
| Relator term | Autore musica |
| 9 (RLIN) | 29394 |
| 100 ## - MAIN ENTRY--PERSONAL NAME | |
| Miscellaneous information | Codice autore musica SPICS: 8134 |
| 9 (RLIN) | 29395 |
| 245 ## - TITLE STATEMENT | |
| Title | City Lights |
| 250 ## - EDITION STATEMENT | |
| Edition statement | 2a ed. |
| 260 ## - PUBLICATION, DISTRIBUTION, ETC. (IMPRINT) | |
| Place of publication, distribution, etc. | INGHILTERRA |
| 260 ## - PUBLICATION, DISTRIBUTION, ETC. (IMPRINT) | |
| Name of publisher, distributor, etc. | SILVA SCREEN RECORDS |
| Date of publication, distribution, etc. | 1991 [1a Ed.:1989 - Ed. Lingua Orig.: 1931] |
| 300 ## - PHYSICAL DESCRIPTION | |
| Extent | COMPACT DISC |
| 300 ## - PHYSICAL DESCRIPTION | |
| Dimensions | 55 minuti (Testo: 0 pag.) |
| 500 ## - GENERAL NOTE | |
| General note | Colonna sonora originale del film "Luci della città" di Charlie Chaplin. |
| 505 ## - FORMATTED CONTENTS NOTE | |
| Formatted contents note | Overture Unveiling The Statue - The Flower Girl (Violetera) - Evening Meeting the Millionaire - At the Millionaire's Home - The Nightclub - The Limousine - The Sober Dawn - The Party & the Morning After - Eviction the Radio Sweeper At the girl's Home - The Boxing Match - The Burglars - Reunited. |
| 511 ## - PARTICIPANT OR PERFORMER NOTE | |
| Participant or performer note | Direttore d'orchestra: Davis Carl |
| 650 ## - SUBJECT ADDED ENTRY--TOPICAL TERM | |
| Topical term or geographic name as entry element | COLONNA SONORA [COMPACT DISC] |
| Relator term | Codice MATERIA SPICS: 9949 |
| 9 (RLIN) | 29396 |
| 700 ## - ADDED ENTRY--PERSONAL NAME | |
| Personal name | Chaplin Charlie (Charlot) |
| Miscellaneous information | Codice interprete SPICS: 8134 |
| Relator term | Interprete |
| 9 (RLIN) | 29397 |
| 942 ## - ADDED ENTRY ELEMENTS (KOHA) | |
| Koha item type | CD AUDIO |
| Source of classification or shelving scheme | Dewey Decimal Classification |
| Withdrawn status | Lost status | Damaged status | Not for loan | Home library | Current library | Date acquired | Total Checkouts | Full call number | Date last seen | Price effective from | Koha item type | Public note |
|---|---|---|---|---|---|---|---|---|---|---|---|---|
| Buone Condizioni | Not For Loan | SPICS-MEDIATECA | SPICS-MEDIATECA | 25/10/2013 | B8892 | 25/10/2013 | 25/10/2013 | CD AUDIO | Progr. Ins.: 921 / N.Vol.: 1 / Copie: 1 - Copia rara: n.d. / date import: 01.01.2014 - By Epidotti, Trombetti, Vaglietti |